000 00691cam a2200253 4500500
005 20260405001604.0
041 _afre
042 _adc
100 1 0 _aDuru, Martin
_eauthor
245 0 0 _aQu’est-ce que le corps ?…
260 _c2013.
500 _a100
690 _aBaudrillard
690 _aClassiques
690 _aCorps
690 _aDescartes
690 _aMerleau-Ponty
690 _aNietzsche
690 _aPlaton
690 _aSaint Paul
690 _aSpinoza
786 0 _nPhilosophie magazine | 74 | 11 | 2013-11-01 | p. 24-26 | 1951-1787
856 4 1 _uhttps://shs.cairn.info/magazine-philosophie-magazine-2013-11-page-24?lang=fr&redirect-ssocas=7080
999 _c2049055
_d2049055